Kování klikových hřídelů

Bibliographic Details
Main Author: Jílek, L. (Author)
Format: Article
Language:Czech
ISBN:8022712558

MARC

LEADER 00000naa a2200000uu 4500
001 vtls010947500
003 SK-MaSNL
005 20260302125651.0
008 220810|1999 xo |||||||||||||||||cze|
015 |a SNBRA 
035 |a (urnnbn)urn:nbn:sk:snk:ar-a0bgww 
035 |a (uuid)38cd4a0c-3e44-49f5-b644-904aa1994a89 
035 |a urn:nbn:sk:snk-aau90w 
040 |a SNKBUCL  |b slo  |c SNKBUCL  |e AACR2 
041 0 |a cze 
044 |a xo  |c SK 
100 1 |a Jílek, L.  |4 aut  |9 813003 
245 1 0 |a Kování klikových hřídelů  |c L. Jílek 
246 3 |a Crank shafts forging 
773 0 |t Technológia '99  |d Bratislava : Slovenská technická univerzita, 1999, 1999  |g S. 330-333  |z 8022712558 
954 |a odborná, vedecká literatúra cudzojazyčná (svetová)  |2 lita 
958 |a OND 
958 |a article11 
958 |a chapter 
999 |c 1294939  |d 1296869